Statistics for Biggest Cities in West Africa

Click here to take the quiz!

General Stats

  • This quiz has been taken 108 times
    (102 since last reset)
  • The average score is 13 of 20

Answer Stats

PopulationCountryCity% Correct
13,123,000NigeriaLagos
98%
2,291,352GhanaAccra
94%
4,707,404Ivory CoastAbidjan
91%
2,452,656SenegalDakar
90%
951,000Sierra LeoneFreetown
86%
1,809,106MaliBamako
83%
3,626,068NigeriaKano
83%
1,660,973GuineaConakry
81%
1,010,970LiberiaMonrovia
80%
1,302,910NigerNiamey
78%
1,626,950Burkina FasoOuagadougou
77%
3,565,108NigeriaIbadan
75%
958,399MauritaniaNouakchott
72%
2,069,350GhanaKumasi
63%
1,148,665NigeriaPort Harcourt
59%
1,125,058NigeriaBenin City
41%
1,582,102NigeriaKaduna
31%
1,112,449NigeriaMaiduguri
19%
897,560NigeriaAba
17%
975 153NigeriaZaria
14%

Score Distribution

Percentile by Number Answered

Percent of People with Each Score

Your Score History

You have not taken this quiz since the last reset